01698nam a2200337 i 4500001000700000003000900007005001700016007000300033008004100036080003900077080003900116100004500155245008600200260006700286300003400353505011800387530003500505594007200540599008600612600005400698600007300752700002900825710007100854710003400925852002800959856009100987856011301078942000801191999001901199952014201218123020ES-MaACL20251217113156.0t|070214s1927 sp |||| | spa d a929 Bonilla y San Martín, Adolfo a012 Bonilla y San Martín, Adolfo1 aPuyol y Alonso, Julio,d1865-193799445410aAdolfo Bonilla y San Martín (1875-1926) : bsu vida y sus obras /cJulio Puyol. aMadrid : b[s.n.], c1927 (fTip. de la "Revista de Archivos") a274 p. : b1 retr. ; c21 cm.8 aContiene: Biografía . La obra de Bonilla . Bibliografía: Catálogo cronológico... Índice por materias... aDisponible en formato digital. aPrecede al tít.: Real Academia de Ciencias Morales y Políticas. aRetr. de Adolfo Bonilla y San Martín: "Foto. Padró. Fototipia Hauser y Menet"14aBonilla y San Martín, Adolfo,d1875-192693019314aBonilla y San Martín, Adolfo,d1875-1926-vBibliografías91731541 aPadró, José.91731552 aReal Academia de Ciencias Morales y Políticas (España)92220502 aHauser y Menet (Madrid)94558 aES-MaACLjF-3251cDEPO24 uhttp://bdh-rd.bne.es/viewer.vm?id=0000227310&page=1 y(Biblioteca Digital Hispánica)4 uhttps://bibliotecadigital.jcyl.es/es/consulta/registro.do?id=4929y(Biblioteca Digital de Castilla y León) 2udc c123020d123020 001040708Colección_digitalaATENEOMbATENEOMcDEPO2d2008-01-17eSCl0oF-3251p1128191r2023-02-23 00:00:00w2023-02-23yMONOGRAFIA